000 00990nam a22002411i 4500
001 183271
003 ES-MaACL
005 20250921063039.0
008 140205s1945 sp |||| | spa d
040 _cES-MaACL
080 _a711.72(460.235 B.)(09)
100 1 _aVallescá, Antonio
_9154378
_eaut
245 1 4 _aLas calles de Barcelona desaparecidas :
_brelación histórica desde la época romana hasta el siglo XX /
_cpor Antonio Vallescá.
260 _aBarcelona :
_bLibrería Millá,
_c1945 (
_fTall. Tip. Edic. Ariel)
300 _a83 páginas, 1 hoja, 9 hojas de láminas, 1 h. de plano :
_bilustrado ;
_c21 cm.
490 1 _aMonografías históricas de Barcelona ;
_v2
650 7 _aCalles-
_zBarcelona
_9172253
830 1 _aMonografías históricas de Barcelona ;
_v2
_9191895
852 _aES-MaACL
_jE-4174
_9190209
_cDEPO2
_xEncuadernación rústica
942 _cMONOGRAFIA
_n0
999 _c183271
_d183271